Datum a čas kvízu
27
Celkem bodů
Celkový počet nahraných bodů na tomto kvízu bez doplňovacích otázek.
9.
Pořadí na kvízu
Konečné umístění týmu na tomto kvízu.
Zaznamenané odpovědi
| # | Otázka | Odpověď | Body | Výsledky |
|---|---|---|---|---|
| 1. | Automobilka Škoda v minulém tý... | Laurin & Klement Kampus | 1 | |
| 2. | Vědci představili revoluční zp... | hlavy | 1 | |
| 3. | V minulém týdnu česká média in... | Jeremy Clarkson | 0 | |
| 4. | Minulý týden byl oznámen konec... | ICQ | 1 | |
| 5. | Jak se jmenuje 23letý český te... | Tomáš Macháč | 0 | |
| 6. | Jak se nazývají dva nejdůležit... | Franská říše, Byzantská (Východořímská) říše | 0.5 | |
| 7. | Jak se jmenoval významný střed... | Magna Carta (Magna charta libertatum) | 1 | |
| 8. | Jak se jmenoval český kníže z... | Vratislav | 0 | |
| 9. | Vytvořte z těchto středověkých... | 1C 2D 3A 4B | 0 | |
| 10. | Závěrem tématu se podíváme na... | šlojíř, šlář | 0 |